00418nam a2200169 a 450000100060000000300090000600800410001502000150005604000280007108200080009910000210010724500170012826000440014530000100018949000190019965000300021817408CO-ViMGA141112s2004 ck r 000 u spa d a8447802957 aCO-ViMGAbspacCO-ViMGA04aDOU1 aDoumerc, Beatriz10aVida de gato aBarcelona (España), cEl Arca, c1995 a90.p. aTren de cuerda14aNOVELA INFANTIL ARGENTINA